000 00832cam a22002174a 4500
005 20250605164325.0
008 250528s ||||||||||||||||||||||||d
035 _a23006
020 _a9780465067107
040 _aGR-AtMCL
_bgre
_dGR-AtMCL
_eAACR2
245 1 _aTHE DESIGN OF EVERYDAY THINGS
250 _a1
260 _bBasic Books, Inc.,
_c1988
300 _a257
505 0 _aTHE PSYCHOPATHOLOGY OF EVERYDAY THINGS THE PSYCHOLOGY OF EVERYDAY ACTIONS KNOWLEDGE IN THE HEAD AND IN THE WORLD KNOWING WHAT TO DO TO ERR IS HUMAN THE DESIGN CHALLENGE
520 _aTHE PSYCHOPATHOLOGY OF EVERYDAY THINGS THE PSYCHOLOGY OF EVERYDAY ACTIONS KNOWLEDGE IN THE HEAD AND IN THE WORLD KNOWING WHAT TO DO TO ERR IS HUMAN THE DESIGN CHALLENGE
700 1 _aNorman Donald A
_9348
942 _cBK
999 _c8047
_d8047